000 nam a22 7a 4500
999 _c48018
_d48018
005 20200408112226.0
008 200408b xxu||||| |||| 00| 0 eng d
040 _aANE
041 _aEs
100 _aRaúl, Pérez Reyes Espejo
245 _aMedición de la Eficiencia y la Productividad en la Distribución de Electricidad en Perú: 1996-2014
_cRaúl, Pérez Reyes Espejo
260 _aLas Palmas de Gran Canaria
_c2015
300 _a183 p.
650 _aMedición Eficiencia
650 _aProductividad Distribuciòn
650 _aProductividad Empresas
856 _uhttp://documentacion.asambleanacional.gob.ec/alfresco/d/d/workspace/SpacesStore/12714145-ed6a-49a1-8eec-5dcfd6b29676/TESIS%20DOCTORAL%20MEDICI%c3%92N%20DE%20LA%20EFICIENCIA%20Y%20LA%20PRODUCTIVIDAD.pdf
942 _2ddc
_cBV
_zNr.